| Registos Bibliográficos associados ao registo de autoridade |
|
Etiqueta de registo: 03570cam 02200793 04500 001 321870 003 http://id.bnportugal.gov.pt/bib/catbnp/321870 005 20021115102900.0 021 ## $aPT$b34668/90 021 ## $aPT$b78096/94 021 ## $aPT$b89911/95 021 ## $aPT$b117978/97 021 ## $aPT$b135665/99 095 ## $aPTBN00337944 100 ## $a19910603g198 m a0pory0103 ba 101 0# $amul 102 ## $aPT 105 ## $aa z 001yy 106 ## $ar 200 1# $aColectânea de textos$f[org.] Centro das Taipas 210 #9 $aLisboa$cC.T.,$d[198-]- 215 ## $av.$cil.$d30 cm 320 ## $aContém bibliografia 327 0# $a2º v. : 1990. - VIII, 241, [12] p.$a3º v. : 1991. - IX, 343, [12] p.$a4º v. : 1992. - V, 192, [17] p.$a5º v. : 1993. - [44], 140 p.$a6º v. : 1994. - X, 257, [3] p.$a7º v. : 1995. - III, 160 p.$a8º v. : 1996. - VIII, 211 p.$a9º v. : 1997. - XLVII, 191 p.$a10º v. : 1997. - 335, [2] p.$a11º v. : 1999. - XVI, 168 p.$a12º v. : 2000. - 256 p. 606 ## $aToxicodependência$xCongressos$x[Actas]$2SIPOR$322866 675 ## $a613.8$vBN$zpor$3291263 675 ## $a061.3$vBN$zpor$3292562 710 01 $aPortugal.$bMinistério da Saúde.$bCentro das Taipas$370979 801 #0 $aPT$bBN$gRPC 966 ## $b001$c2$d2º v.$lBN$mFGMON$sC.G. 14636 V.$x1 966 ## $b001$c2$d3º v.$lBN$mFGMON$sC.G. 14636 V.$x1 966 ## $b001$c2$d4º v.$lBN$mFGMON$sC.G. 14636 V.$x1 966 ## $b001$c2$d5º v.$lBN$mFGMON$sC.G. 14636 V.$x1 966 ## $b001$c2$d6º v.$lBN$mFGMON$sC.G. 14636 V.$x1 966 ## $b001$c2$d7º v.$lBN$mFGMON$sC.G. 14636 V.$x1 966 ## $b001$d11º v.$lBN$mFGMON$sC.G. 14636 V.$x1 966 ## $b001$d10º v.$lBN$mFGMON$sC.G. 14636 V. 966 ## $b001$c2$d2º v.$lBN$mFGMON$sC.G. 14636 V.$x1 966 ## $b001$c2$d3º v.$lBN$mFGMON$sC.G. 14636 V.$x1 966 ## $b001$c2$d4º v.$lBN$mFGMON$sC.G. 14636 V.$x1 966 ## $b001$c2$d5º v.$lBN$mFGMON$sC.G. 14636 V.$x1 966 ## $b001$c2$d6º v.$lBN$mFGMON$sC.G. 14636 V.$x1 966 ## $b001$c2$d7º v.$lBN$mFGMON$sC.G. 14636 V.$x1 966 ## $b001$d8º v.$lBN$mFGMON$sC.G. 14636 V.$x1 966 ## $b001$d9º v.$lBN$mFGMON$sC.G. 14636 V.$x1 966 ## $b001$d11º v.$lBN$mFGMON$sC.G. 14636 V.$x1 966 ## $b001$d10º v.$lBN$mFGMON$sC.G. 14636 V.$x1 966 ## $b001$d12º v.$lBN$mFGMON$sC.G. 14636 V.$x1 966 ## $b001$d12º v.$lBN$mFGMON$sC.G. 14636 V.$x1 997 ## $aBIBEOD
Etiqueta de registo: 00254nkm 2200109 450 001 1916618 003 http://id.bnportugal.gov.pt/bib/catbnp/1916618 100 ## $a20151130d19801985am a0pory01030103ba 101 0# $apor 102 ## $aPT 200 1# $aDroga, a ruptura é possível$bVisual gráfico]$fMinistério da Saúde - Centro das Taipas 210 #9 $a[Lisboa]$cCentro das Taipas,$d[ca 1983] 215 ## $a1 cartaz$ccolor.$d48x33 cm 306 ## $aData atribuída em conformidade com as caraterísticas formais do documento, conjugadas
com a data de entrada do mesmo na BNP 317 ## $aColeção Madeira Luís 675 ## $a613.83(084.5)$vBN$zpor$31349023 675 ## $a766(=1:469)"198"(084.5)$vBN$zpor$31302430 710 01 $aPortugal.$bMinistério da Saúde.$bCentro das Taipas$370979 801 #0 $aPT$bBN$gRPC 966 ## $lBN$mICONOG$pFrancisco Madeira Luís$sCT. 7425 V.$x3 997 ## $aBIBEOD
Etiqueta de registo: 00000nkm 2200025 450 001 2282531 003 http://id.bnportugal.gov.pt/bib/catbnp/2282531 100 ## $a20260321f199- m y0pory01030103ba 101 0# $apor 102 ## $aPT 200 1# $aEscola Psicosocial de Lisboa, inscrições abertas até 15 de outubro$bVisual gráfico]$fCâmara Municipal de Lisboa, Centro das Taipas, Arte das Musas 210 #9 $aLisboa$cCâmara Municipal,$d[199-?]$eLisboa :$gImprensa Municipal de Lisboa) 215 ## $a1 cartaz$ccolor.$d59,9x42 cm 306 ## $aDatação em conformidade com as características formais do documento 317 ## $aColeção Madeira Luís 710 01 $aLisboa.$bCâmara Municipal$312676 711 01 $aPortugal.$bMinistério da Saúde.$bCentro das Taipas$370979 711 02 $aArte das Musas$31162790 801 #0 $aPT$bBN$gRPC 966 ## $lBN$mICONOG$sCT. 25727 A.$x3 971 ## $cCaticonografia6$d20260321 995 ## $aPRR2026
|
|
|